Ghana population data analysis report . / (Record no. 8984)
[ view plain ]
| 000 -LEADER | |
|---|---|
| fixed length control field | 01019nam a22002177a 4500 |
| 003 - CONTROL NUMBER IDENTIFIER | |
| control field | OSt |
| 005 - DATE AND TIME OF LATEST TRANSACTION | |
| control field | 20220526123744.0 |
| 008 - FIXED-LENGTH DATA ELEMENTS--GENERAL INFORMATION | |
| fixed length control field | 140818b xxu||||| |||| 00| 0 eng d |
| 040 ## - CATALOGING SOURCE | |
| Transcribing agency | WIUC |
| 050 ## - LIBRARY OF CONGRESS CALL NUMBER | |
| Classification number | HB3666.8.G41 |
| 245 ## - TITLE STATEMENT | |
| Title | Ghana population data analysis report . / |
| Statement of responsibility, etc. | Ghana Statistical Service |
| 246 ## - VARYING FORM OF TITLE | |
| Title proper/short title | Population data analysis report |
| Remainder of title | Vol. 2: Policy implications of population trends |
| 260 ## - PUBLICATION, DISTRIBUTION, ETC. | |
| Place of publication, distribution, etc. | Accra: |
| Name of publisher, distributor, etc. | Ghana Statistical Service, |
| Date of publication, distribution, etc. | 2005. |
| 300 ## - PHYSICAL DESCRIPTION | |
| Extent | xvii, 485 p.: |
| Other physical details | ill,; |
| 500 ## - GENERAL NOTE | |
| General note | Includes references. |
| 505 ## - FORMATTED CONTENTS NOTE | |
| Formatted contents note | Contents: Household formation, housing and housing conditions -- Health and environmental sanitation -- Women and children -- Education and literacy -- Employment, employment needs and retirement -- Population and economic growth -- Spatial distribution and development -- Infrastructure and utilities development |
| 653 ## - INDEX TERM--UNCONTROLLED | |
| Uncontrolled term | Ghana -- Census, 2000. |
| 653 ## - INDEX TERM--UNCONTROLLED | |
| Uncontrolled term | Ghana -- Population -- Statistics. |
| 653 ## - INDEX TERM--UNCONTROLLED | |
| Uncontrolled term | Housing -- Ghana -- Statistics |
| 942 ## - ADDED ENTRY ELEMENTS (KOHA) | |
| Source of classification or shelving scheme | Library of Congress Classification |
| Koha item type | Books |
| Withdrawn status | Lost status | Source of classification or shelving scheme | Damaged status | Not for loan | Home library | Current library | Shelving location | Date acquired | Source of acquisition | Full call number | Barcode | Date last seen | Price effective from | Koha item type |
|---|---|---|---|---|---|---|---|---|---|---|---|---|---|---|
| Library of Congress Classification | WISCONSIN INTERNATIONAL UNIVERSITY COLLEGE, GHANA KUMASI LIBRARY | WISCONSIN INTERNATIONAL UNIVERSITY COLLEGE, GHANA KUMASI LIBRARY | General Stacks | 21/11/2019 | STM | HB3666.7.G41 | K/2775/2775/19 | 26/05/2022 | 26/05/2022 | Books |
